|
|
|
|
| LEADER |
00944nam a2200241 a 4500 |
| 001 |
4357684 |
| 008 |
100106s1988 ii a b 000 0 eng d |
| 010 |
|
|
|a 89902463
|
| 040 |
|
|
|a DLC
|c DLC
|d DLC
|d BD-DhAAL
|
| 082 |
0 |
0 |
|a 302.23/082
|2 20
|
| 100 |
0 |
|
|a Vimal Balasubrahmanyan.
|
| 245 |
1 |
0 |
|a Mirror image :
|b the media and the women's question /
|c Vimal Balasubrahmanyan.
|
| 260 |
|
|
|a Bombay :
|b Centre for Education & Documentation,
|c 1988.
|
| 300 |
|
|
|a viii, 157 p. :
|b ill. ;
|c 25 cm.
|
| 500 |
|
|
|a Study of the Indian context.
|
| 504 |
|
|
|a Includes Bibliography (p. 157.)
|
| 541 |
1 |
|
|e 00007522
|
| 650 |
|
0 |
|a Mass media and women.
|
| 650 |
|
0 |
|a Feminism.
|
| 710 |
2 |
|
|a Centre for Education and Documentation (Bombay, India)
|
| 852 |
4 |
|
|a Ayesha Abed Library
|j General shelf
|
| 999 |
|
|
|c 6766
|d 6766
|
| 952 |
|
|
|0 0
|1 0
|2 ddc
|4 0
|6 302_230820000000000_VIM_1988
|7 0
|9 6952
|a BRACUL
|b BRACUL
|c GEN
|d 2010-01-07
|l 0
|o 302.23082 VIM
|p 3010007522
|r 2010-01-07
|t 1
|w 2010-01-07
|y BK
|